| 000 | 01177nam2a2200217 4500 | ||
|---|---|---|---|
| 001 | RU\NLR\BIBL_A\012574087 | ||
| 005 | 20250624072732.0 | ||
| 035 | _a(NLR Aleph) 012574087 | ||
| 090 |
_a12500546 _c12500546 |
||
| 100 | _a20210803d2020 |||y0rusy50 ca | ||
| 101 | 0 | _arus | |
| 102 | _aRU | ||
| 200 | 0 | _aТ. 5, № 4 (20) | |
| 210 |
_d2020 _aБ. м. |
||
| 300 | _aВ колонтит. на с. 2-3 помечен: т. 5, № 3 (19) (2020) | ||
| 461 | 0 |
_1001RU\NLR\Per\1220987 _12001#$aИнклюзия в образовании$eнаучно-методический журнал$fНегос. образоват. учреждение высш. проф. образования "Ун-т упр. "ТИСБИ"$vТ. 5, № 4 (20) _911486607 _cКазань _d2016 - _fНегос. образоват. учреждение высш. проф. образования "Ун-т упр. "ТИСБИ" _nНОУ ВПО "Университет управления "ТИСБИ" _oнаучно-методический журнал _tИнклюзия в образовании _x2499-9830 _vТ. 5, № 4 (20) |
|
| 852 |
_aNLR _jП28/2721 |
||
| 942 | _cISSUE | ||
| 980 | _aNB | ||
| 980 | _aRUSPER | ||